Function theoretic methods in partial differential equations /

Guardado en:
Autor Principal: Gilbert, Robert P., 1932-
Formato: Libro
Idioma:English
Publicado: New York : Academic Press, 1969.
Series:Mathematics in science and engineering ; v. 54
Etiquetas: Agregar Etiqueta
Sin Etiquetas, Sea el primero en etiquetar este registro!
LEADER 00624cam a22001815 4500
001 MAT.inmabb001875
008 690224s1969####nyua#####b####001#0#eng#d
005 20130326174439.0
245 1 0 |a Function theoretic methods in partial differential equations /  |c Robert P. Gilbert. 
260 |a New York :  |b Academic Press,  |c 1969. 
300 |a xviii, 311 p. :  |b il. ;  |c 24 cm. 
440 0 |a Mathematics in science and engineering ;  |v v. 54 
504 |a Bibliografía: p. 297-308. 
510 4 |a MR,  |c 39 #3127 
100 1 |a Gilbert, Robert P.,  |d 1932- 
084 |a 35-02  |2 msc2000 
010 |a  68023503  
859 |h 35  |i G464  |p A-3355  |b BIB. MATEMATICA